| 000 | 00842nam a2200265 a 4500 | ||
|---|---|---|---|
| 001 | 000018788 | ||
| 005 | 20200929165846.0 | ||
| 008 | 950222s1993 fr a b 000 0bfre | ||
| 010 | _a95118925 | ||
| 020 | _a2709612380 | ||
| 035 | _a(DLC) 95118925 | ||
| 040 |
_aDO-SdBNP _cDLC _dBNPHU |
||
| 050 | 0 | 0 |
_aE886 _b.D45 1993 |
| 082 |
_axxxxx _bB596D |
||
| 100 | 1 |
_aDelafon, Gilles. _940518 |
|
| 245 | 1 | 0 |
_aBill Clinton : _bla nouvelle Amerique / _cGilles Delafon. |
| 260 |
_aParís : _bJ.C. Lattes, _c1993. |
||
| 300 |
_a213 p. : _bil. ; _c23 cm. |
||
| 504 | _aIncluye referencias bibliográficas. | ||
| 600 | 1 | 0 |
_aClinton, Bill, _d1946- _940519 |
| 650 | 0 |
_aPresidents _zUnited States _xBiography. _940520 |
|
| 650 | 0 |
_aPresidents _zUnited States _xElection _y1992. _940521 |
|
| 910 | _aCatalogación derivada / LC | ||
| 082 | 0 | 0 |
_a973.929/092 _aB _220 |
| 999 |
_c18308 _d18308 |
||